000 00529nmm a2200169Ia 4500
008 251105s9999||||xx |||||||||||||||||und||
020 _a9788477339564
041 _aspa
100 _aBlanco García, Julio
245 0 _aHistoria de las actividades financieras en Zaragoza
264 _a[Madrid, España] :
_bPrensas Universitarias de Zaragoza,
_c2007
300 _a132 páginas
490 _aCiencias sociales
650 _aHistory of Europe: Spain
856 _uhttps://public.digitaliapublishing.com/a/2124
942 _cCF
999 _c85318
_d85318